Manchester City Council v Pinnock (Record no. 81789)

MARC details
000 -LEADER
fixed length control field 01273cad a22002175a 4500
001 - CONTROL NUMBER
control field E148320
008 - FIXED-LENGTH DATA ELEMENTS--GENERAL INFORMATION
fixed length control field 090903e20090731xxk 000 0 eng d
035 ## - SYSTEM CONTROL NUMBER
System control number (Sirsi) u148320
041 0# - LANGUAGE CODE
Language code of text/sound track or separate title eng
245 00 - TITLE STATEMENT
Title Manchester City Council v Pinnock
Medium [electronic resource]
260 ## - PUBLICATION, DISTRIBUTION, ETC.
Date of publication, distribution, etc. 2009
520 ## - SUMMARY, ETC.
Summary, etc. [2009] EWCA Civ 852, 31 July 2009. Concerns issues related to gaining possession of a property that is the subject of a demoted tenancy. The order for possession was made by Manchester City Council (M) under the Housing Act 1996 S143D as amended by the Anti-Social Behaviour Act 2003. The appellent (P) was tenant of a property for 30 years, but his tenancy had been changed to a demoted tenancy because of the anti-social behaviour of his sons. This behaviour continued, and M issued a possession notice. "Held": Appeal dismissed. The review panel's decision was reasonable.
590 ## - LOCAL NOTE (RLIN)
Local note KA
650 24 - SUBJECT ADDED ENTRY--TOPICAL TERM
Topical term or geographic name entry element ANTI-SOCIAL BEHAVIOUR ACT 2003
650 24 - SUBJECT ADDED ENTRY--TOPICAL TERM
Topical term or geographic name entry element HOUSING ACT 1996 S143
650 24 - SUBJECT ADDED ENTRY--TOPICAL TERM
Topical term or geographic name entry element MANCHESTER CITY COUNCIL V PINNOCK
651 #4 - SUBJECT ADDED ENTRY--GEOGRAPHIC NAME
Geographic name England
Chronological subdivision 886-
690 ## - LOCAL SUBJECT ADDED ENTRY--TOPICAL TERM (OCLC, RLIN)
Topical term or geographic name as entry element PROPERTY-RESIDENTIAL PROPERTY-RESIDENTIAL LANDLORD AND TENANT
856 40 - ELECTRONIC LOCATION AND ACCESS
Uniform Resource Identifier <a href="https://www.bailii.org/ew/cases/EWCA/Civ/2009/852.html">https://www.bailii.org/ew/cases/EWCA/Civ/2009/852.html</a>
Public note View the judgement free of charge at www.bailii.org...
942 ## - ADDED ENTRY ELEMENTS (KOHA)
Suppress in OPAC 0
Holdings
Withdrawn status Lost status Source of classification or shelving scheme Damaged status Not for loan Home library Current library Shelving location Date acquired Total Checkouts Full call number Barcode Date last seen Copy number Price effective from Koha item type
    Dewey Decimal Classification     Virtual Virtual Online 03/09/2009   ONLINE PUBLICATION 148320-2001 06/08/2019 1 06/08/2019 Law report